00718nam a2200241 a 4500001001300000003000900013005001700022008004100039020001000080082001600090100002200106245004000128260005500168300000800223500003500231505001700266650002400283700002200307902000800329942000700337952011700344999001500461nice12345678IN_TiNIC20260116012823.0050524s1983 ista grp 000 0 eng  ac10000a297.65bRES aResearch Centre,  aResearch Centre for Islamic History aIstanbulbResearch Centre for Islamichistoryc1983 a45p aincludes index and biblioraphy2 aBibliography aIslam-Organizations1 aResearch Centre,  bSRS cBK 001040708StackRoom-aHMIbHMId2007-07-10g100.00l0o297.65 RESp013058r2007-07-10v100.00w2005-05-24yBK c8515d8515